000 00678nas a2200253 4500
001 BR0800702
003 BR-BrBNA
005 20231205111537.0
007 ta
008 230509b bl.|||p| |||| 00| 00por d
040 _aBR-BrBNA
_bpor
_cBiblioteca Nacional de Agricultura
041 _a(Pt)
072 _aL73
100 1 _aGuida, H.G.
100 1 _aGomes, W.V.
100 1 _aMedeiros, P.M.
100 1 _aPizelli, G.N.
245 1 _aVibriose bovina
650 _aBOVINO
650 _aVIBRIOSE
773 0 _tVeterinária (Brazil)
_x
_g(Jan-Dec 1960-1961), v. 14(Special Number) p. 37-61
_wBR0800702
909 _a202311
_bLúcia
_c55
_dLúcia Elande
942 _2AGRIS
_n0
_cANA
999 _c193255
_d193255